00760nam a2200205Ia 4500008004100000020002200041041000800063082001500071100001900086245004200105250000600147260006500153300001700218365001200235650001200247650001200259906004800271999001900319952021600338210719s2018 xx 000 0 und d a978-93-5260-517-0 aeng a574.5 JOSE aJOSEPH (Benny) aEnvironmental studies:simplified Ed 3 a3 aChennaibMcGraw Hill Education (India) Private Limitedc2018 axxii,244bPB b480cRs aEcology aEcology a3 ; Ed ; Environmental ; studies:simplified c212027d212027 001040708Ecology and EnvironmentaALbALd2021-03-15eSapna Book House Pvt Ltd, K S Rao Road, Mangalore | General Annualg480.00l3o574.5 JOSEp074841r2022-02-07 00:00:00s2022-01-28v384.00w2021-07-19yBK